[Event "BLR-ch U20"]
[Site "Minsk"]
[Date "2024.04.14"]
[Round "3"]
[White "Strybuk, Artsiom I"]
[Black "Savelev, Matvei"]
[Result "1/2-1/2"]
[WhiteElo "2416"]
[BlackElo "1965"]
[PlyCount "160"]
[EventDate "2024.04.12"]
[EventType "tourn"]
[EventRounds "7"]
[EventCountry "BLR"]
[SourceTitle "CB19_2024"]
[SourceDate "2024.05.08"]
[SourceVersion "1"]
[SourceVersionDate "2024.05.08"]
[SourceQuality "1"]

1. c4 e5 2. g3 f5 3. d4 exd4 4. Nf3 Nc6 5. Bg2 Nf6 6. Nxd4 Nxd4 7. Qxd4 Be7 8. Nc3 0-0 9. 0-0 d6 10. Bf4 Nh5 11. Bd2 c6 12. Rad1 Qe8 13. e3 Qf7 14. b3 Be6 15. Ne2 Rfd8 16. Qb2 d5 17. Nd4 Bf6 18. c5 Bd7 19. Bc3 Re8 20. b4 a6 21. a4 Be7 22. Nb3 Nf6 23. Na5 Ra7 24. Bxf6 Bxf6 25. Qd2 Be6 26. Nb3 g6 27. Rb1 Qf8 28. h4 h6 29. Nd4 Bd7 30. b5 axb5 31. axb5 Kg7 32. Rfc1 g5 33. hxg5 hxg5 34. bxc6 bxc6 35. Rb6 Rc7 36. Bf3 Be5 37. Qd3 Qf7 38. Kg2 Rh8 39. Rh1 Rxh1 40. Kxh1 f4 41. gxf4 gxf4 42. Rb1 fxe3 43. fxe3 Rc8 44. Rg1+ Kf6 45. Rg2 Ke7 46. Kg1 Rg8 47. Qe2 Rxg2+ 48. Bxg2 Qg7 49. Qf2 Qg4 50. Qd2 Qg3 51. Kf1 Bf6 52. Qf2 Qe5 53. Qf3 Qg5 54. Kg1 Qh4 55. Qf2 Qh5 56. Qf4 Be5 57. Qf3 Qg5 58. Kf1 Qg6 59. Qd1 Kd8 60. Qc2 Qf6+ 61. Qf2 Qe7 62. Qc2 Qf8+ 63. Nf3 Bb8 64. Qb2 Ba7 65. Qa3 Bb8 66. Kg1 Ke7 67. Qb2 Bg3 68. Qd4 Qf6 69. Qxf6+ Kxf6 70. Kf1 Bb8 71. Nd4 Ba7 72. Nb3 Bc8 73. Ke1 Ba6 74. Kd2 Bb5 75. e4 dxe4 76. Bxe4 Ke5 77. Bg2 Bc4 78. Na5 Bd5 79. Nxc6+ Bxc6 80. Bxc6 Bxc5 1/2-1/2

[Event "BLR-ch U20"]
[Site "Minsk"]
[Date "2024.04.13"]
[Round "2"]
[White "Savelev, Matvei"]
[Black "Spizharny, Mikhail"]
[Result "1/2-1/2"]
[WhiteElo "1965"]
[BlackElo "2295"]
[PlyCount "160"]
[EventDate "2024.04.12"]
[EventType "tourn"]
[EventRounds "7"]
[EventCountry "BLR"]
[SourceTitle "CB19_2024"]
[SourceDate "2024.05.08"]
[SourceVersion "1"]
[SourceVersionDate "2024.05.08"]
[SourceQuality "1"]

1. d4 f5 2. g3 Nf6 3. Bg2 g6 4. c4 Bg7 5. Nc3 0-0 6. Nf3 d6 7. 0-0 c6 8. b4 e5 9. e3 e4 10. Nd2 Be6 11. a4 Nbd7 12. Ba3 Qe7 13. c5 d5 14. b5 g5 15. f4 exf3 16. Nxf3 Bf7 17. Re1 Ng4 18. Qd2 Rae8 19. Nd1 Bh5 20. Bb2 Ndf6 21. Ra3 Qc7 22. Nf2 Nxf2 23. Qxf2 Ne4 24. Qc2 Bxf3 25. Bxf3 Nxg3 26. b6 Qb8 27. bxa7 Qc7 28. a5 Ra8 29. Qg2 Ne4 30. Bxe4 fxe4 31. Qxg5 Rf6 32. Qh5 Rxa7 33. Bc3 Rg6+ 34. Kh1 Qf7 35. Qe2 Ra8 36. Rf1 Qd7 37. Qh5 Rh6 38. Qe2 Kh8 39. Raa1 Rh3 40. Rf2 Bh6 41. Bd2 Rg8 42. Rg1 Rxg1+ 43. Kxg1 Bg5 44. Rg2 h6 45. Rg3 Rxg3+ 46. hxg3 Qh3 47. Be1 Kg7 48. Bf2 Qc8 49. Kg2 Kg6 50. Be1 h5 51. Bf2 Bd8 52. Be1 Bc7 53. Qf2 Qd8 54. Qb2 Qa8 55. Qf2 Qc8 56. Qb2 Kg5 57. Kg1 Bb8 58. Qb1 Qc7 59. Qb2 Kg6 60. Qf2 Qe7 61. Qb2 Qc7 62. Qf2 Qc8 63. Qb2 Bc7 64. Qb1 Qa8 65. Qb2 Qa6 66. Qf2 Qa8 67. Qb2 Qa6 68. Qf2 Bxa5 69. Qf8 Bxe1 70. Qg8+ Kf6 71. Qf8+ Ke6 72. Qe8+ Kf6 73. Qf8+ Ke6 74. Qe8+ Kf5 75. Qf7+ Kg5 76. Qg7+ Kf5 77. Qf7+ Kg5 78. Qg7+ Kf5 79. Qf7+ Kg5 80. Qg7+ Kf5 1/2-1/2

[Event "BLR-ch U20"]
[Site "Minsk"]
[Date "2024.04.12"]
[Round "1"]
[White "Parkhimchyk, Kiryl"]
[Black "Savelev, Matvei"]
[Result "1/2-1/2"]
[WhiteElo "1977"]
[BlackElo "1965"]
[PlyCount "73"]
[EventDate "2024.04.12"]
[EventType "tourn"]
[EventRounds "7"]
[EventCountry "BLR"]
[SourceTitle "CB19_2024"]
[SourceDate "2024.05.08"]
[SourceVersion "1"]
[SourceVersionDate "2024.05.08"]
[SourceQuality "1"]

1. e4 e6 2. d4 d5 3. Nd2 dxe4 4. Nxe4 Nd7 5. Nf3 Ngf6 6. Nxf6+ Nxf6 7. Bd3 c5 8. Bg5 cxd4 9. Qd2 Be7 10. 0-0-0 Nd5 11. Bb5+ Bd7 12. Bxe7 Qxe7 13. Bxd7+ Qxd7 14. Qxd4 0-0 15. Kb1 Qc7 16. c4 Nf6 17. Ne5 Rfd8 18. Qf4 a5 19. h3 a4 20. g4 a3 21. b3 h6 22. Rhg1 Rxd1+ 23. Rxd1 Rd8 24. Rxd8+ Qxd8 25. Kc2 Qd6 26. h4 Qc7 27. Qd4 h5 28. g5 Ng4 29. Nd3 Qh2 30. b4 e5 31. Qc5 g6 32. Kb3 e4 33. Qc8+ Kh7 34. Qxb7 exd3 35. Qxf7+ Kh8 36. Qf8+ Kh7 37. Qf7+ 1/2-1/2

[Event "Minsk Bronstein 100 Memorial op"]
[Site "Minsk"]
[Date "2024.02.18"]
[Round "9"]
[White "Lavrov, Maxim"]
[Black "Savelev, Matvei"]
[Result "0-1"]
[WhiteElo "2344"]
[BlackElo "1777"]
[PlyCount "92"]
[EventDate "2024.02.17"]
[EventType "swiss"]
[EventRounds "10"]
[EventCountry "BLR"]
[SourceTitle "CB08_2024"]
[SourceDate "2024.02.21"]
[SourceVersion "1"]
[SourceVersionDate "2024.02.21"]
[SourceQuality "1"]

1. e4 c6 2. d3 d5 3. Nd2 e6 4. Ngf3 f5 5. exf5 exf5 6. Be2 Nf6 7. 0-0 Bd6 8. b3 0-0 9. Bb2 Nbd7 10. Re1 Ng4 11. h3 Nge5 12. Nxe5 Nxe5 13. Nf3 Ng6 14. Bf1 f4 15. Qd2 Bf5 16. c4 Qd7 17. cxd5 cxd5 18. Rac1 b6 19. Qc3 Rac8 20. Qd2 h6 21. Rxc8 Rxc8 22. Rc1 Rxc1 23. Qxc1 Qc7 24. Qd2 Kh7 25. Qe2 Qe7 26. Qd1 Nf8 27. Nd4 Bg6 28. Qf3 Qg5 29. h4 Qxh4 30. Qxd5 Bc5 31. b4 Bxb4 32. Nf3 Qe7 33. Ne5 Qe6 34. Qb5 Bd6 35. a4 Bf5 36. Nf3 Qd7 37. Qc4 Ne6 38. Qd5 Ng5 39. Nd4 Bg6 40. Nb5 Qg4 41. Nxd6 Nh3+ 42. Kh2 Nxf2 43. Kg1 Nh3+ 44. Kh2 Qg3+ 45. Kh1 Nf2+ 46. Kg1 Ng4 0-1

[Event "Minsk Bronstein 100 Memorial op"]
[Site "Minsk"]
[Date "2024.02.17"]
[Round "4"]
[White "Savelev, Matvei"]
[Black "Kovalev, Andrei"]
[Result "0-1"]
[WhiteElo "1777"]
[BlackElo "2432"]
[PlyCount "67"]
[EventDate "2024.02.17"]
[EventType "swiss"]
[EventRounds "10"]
[EventCountry "BLR"]
[SourceTitle "CB08_2024"]
[SourceDate "2024.02.21"]
[SourceVersion "1"]
[SourceVersionDate "2024.02.21"]
[SourceQuality "1"]

1. d4 Nf6 2. Bf4 d6 3. e3 g6 4. Nf3 Nh5 5. Bg5 h6 6. Bh4 g5 7. Nfd2 Ng7 8. Bg3 Nf5 9. c4 h5 10. h3 Nxg3 11. fxg3 c5 12. Nc3 Bg7 13. Nde4 cxd4 14. exd4 g4 15. hxg4 Bxg4 16. Be2 Bf5 17. Rxh5 Rxh5 18. Bxh5 Bxe4 19. Nxe4 Qa5+ 20. Kf1 Nc6 21. d5 Ne5 22. Be2 0-0-0 23. b4 Qxb4 24. Rb1 Qa5 25. Qb3 b6 26. Qc2 Rh8 27. Kf2 Kd8 28. c5 dxc5 29. d6 Nc6 30. dxe7+ Kxe7 31. Ng5 Bd4+ 32. Kf3 Ne5+ 33. Kf4 b5 34. Bxb5 0-1

[Event "Orsha op-A 22nd"]
[Site "Orsha"]
[Date "2024.01.23"]
[Round "3"]
[White "Zarubitski, Viachaslau"]
[Black "Savelev, Matvei"]
[Result "1-0"]
[WhiteElo "2421"]
[BlackElo "1873"]
[PlyCount "93"]
[EventDate "2024.01.22"]
[EventType "swiss"]
[EventRounds "9"]
[EventCountry "BLR"]
[SourceTitle "CB05_2024"]
[SourceDate "2024.01.31"]
[SourceVersion "1"]
[SourceVersionDate "2024.01.31"]
[SourceQuality "1"]

1. e4 c6 2. Nf3 d5 3. Nc3 dxe4 4. Nxe4 Nf6 5. Qe2 Nxe4 6. Qxe4 Nd7 7. Bc4 Nf6 8. Ne5 e6 9. Qe2 Qd4 10. c3 Qe4 11. Qxe4 Nxe4 12. d4 Nd6 13. Bb3 Be7 14. a4 a5 15. 0-0 0-0 16. Re1 Rd8 17. Bf4 Kf8 18. Re2 Bd7 19. Rae1 Be8 20. g4 Rac8 21. Nf3 h6 22. h4 h5 23. gxh5 Nf5 24. Bg5 b5 25. Re5 Bf6 26. Rc5 Rb8 27. Re2 Rb6 28. Bc2 Rd5 29. Bxf5 Bxg5 30. hxg5 exf5 31. axb5 Rxb5 32. Rxb5 cxb5 33. Re5 Rxe5 34. dxe5 f6 35. exf6 Bxh5 36. fxg7+ Kxg7 37. Nd4 b4 38. cxb4 axb4 39. f4 Kg6 40. Nc6 b3 41. Ne5+ Kg7 42. Kf2 Be8 43. Ke3 Bb5 44. Kd4 Be2 45. Kc3 Bd1 46. Nc4 Kf7 47. Ne3 1-0

[Event "BLR-ch sf"]
[Site "Minsk"]
[Date "2023.12.12"]
[Round "6"]
[White "Naumovich, Yaroslav"]
[Black "Savelev, Matvei"]
[Result "1/2-1/2"]
[WhiteElo "2151"]
[BlackElo "1829"]
[PlyCount "95"]
[EventDate "2023.12.07"]
[EventType "swiss"]
[EventRounds "9"]
[EventCountry "BLR"]
[SourceTitle "CB51_2023"]
[SourceDate "2023.12.20"]
[SourceVersion "1"]
[SourceVersionDate "2023.12.20"]
[SourceQuality "1"]

1. e4 c6 2. d4 d5 3. exd5 cxd5 4. c4 Nf6 5. Nc3 Nc6 6. Nf3 e6 7. c5 Be7 8. Bb5 Bd7 9. 0-0 0-0 10. Re1 a6 11. Bxc6 Bxc6 12. Ne5 Be8 13. Bf4 b6 14. b4 a5 15. a3 axb4 16. axb4 Rxa1 17. Qxa1 bxc5 18. bxc5 Ne4 19. f3 Nxc3 20. Qxc3 f6 21. Nd3 Qc8 22. Qa5 Bf7 23. Qa7 Re8 24. Rb1 e5 25. Rb7 Qe6 26. dxe5 Bg6 27. Rb8 Rxb8 28. Qxb8+ Kf7 29. Nf2 Bxc5 30. Qc7+ Be7 31. Nd1 d4 32. Nb2 Kg8 33. Nc4 h5 34. h3 Kh7 35. Kh2 d3 36. Nd2 fxe5 37. Bxe5 Bf6 38. f4 Qe7 39. Qc3 Bxe5 40. fxe5 Qg5 41. Nf3 Qf4+ 42. Kh1 Be4 43. Qd4 Qc1+ 44. Kh2 Qf4+ 45. Kg1 Qc1+ 46. Kh2 Qf4+ 47. Kh1 Qc1+ 48. Kh2 1/2-1/2

[Event "BLR-ch sf"]
[Site "Minsk"]
[Date "2023.12.11"]
[Round "5"]
[White "Savelev, Matvei"]
[Black "Boiko, Aleksei"]
[Result "1-0"]
[WhiteElo "1829"]
[BlackElo "1712"]
[PlyCount "79"]
[EventDate "2023.12.07"]
[EventType "swiss"]
[EventRounds "9"]
[EventCountry "BLR"]
[SourceTitle "CB51_2023"]
[SourceDate "2023.12.20"]
[SourceVersion "1"]
[SourceVersionDate "2023.12.20"]
[SourceQuality "1"]

1. d4 d5 2. Bf4 c5 3. e3 Nc6 4. Nf3 Nf6 5. Nc3 Nh5 6. Bg5 h6 7. Bh4 g5 8. Ne5 Nxe5 9. dxe5 Ng7 10. Bg3 e6 11. e4 d4 12. Nb1 Be7 13. Bd3 h5 14. h4 gxh4 15. Bf4 Bd7 16. a4 a6 17. a5 Bb5 18. Nd2 Bg5 19. Qf3 Qe7 20. Nc4 Bxc4 21. Bxc4 f6 22. Bh2 0-0 23. Qe2 Rac8 24. Ra3 f5 25. f4 Bh6 26. 0-0 fxe4 27. Qxe4 Nf5 28. Rb3 Rc7 29. Rb6 Ng7 30. f5 Qg5 31. f6 Rcf7 32. Bf4 Qg4 33. Be2 Qf5 34. Qxf5 Nxf5 35. Bxh6 Nxh6 36. Bxh5 Rh7 37. Rxe6 Kh8 38. Bg6 Rd7 39. Re7 Rdd8 40. Rh7+ 1-0

[Event "BLR-ch sf"]
[Site "Minsk"]
[Date "2023.12.07"]
[Round "1"]
[White "Savelev, Matvei"]
[Black "Kakhno, Barys"]
[Result "1-0"]
[WhiteElo "1829"]
[BlackElo "1343"]
[PlyCount "80"]
[EventDate "2023.12.07"]
[EventType "swiss"]
[EventRounds "9"]
[EventCountry "BLR"]
[SourceTitle "CB51_2023"]
[SourceDate "2023.12.20"]
[SourceVersion "1"]
[SourceVersionDate "2023.12.20"]
[SourceQuality "1"]

1. c4 Nf6 2. Nc3 e6 3. e4 Bb4 4. Nge2 0-0 5. g3 d6 6. Bg2 Nbd7 7. 0-0 Qe7 8. d3 c5 9. Bf4 Rd8 10. a3 Ba5 11. Rb1 Nf8 12. Bg5 h6 13. Be3 Ng4 14. Bd2 Ne5 15. f4 Nc6 16. f5 Nh7 17. h3 Bd7 18. g4 Ne5 19. Be3 a6 20. b4 Bc7 21. Nf4 b5 22. Ncd5 exd5 23. Nxd5 Qh4 24. Nxc7 Rac8 25. Nd5 Re8 26. bxc5 dxc5 27. Rc1 Bc6 28. Qe2 Bxd5 29. exd5 Qg3 30. Rc3 Qh4 31. Qf2 Qf6 32. Rfc1 b4 33. Rb3 a5 34. axb4 a4 35. Rbc3 cxb4 36. d4 bxc3 37. dxe5 Qxe5 38. Bd4 Qe2 39. Qxe2 Rxe2 40. Rxc3 Ng5 1-0

[Event "Minsk op"]
[Site "Minsk"]
[Date "2023.11.03"]
[Round "1"]
[White "Savelev, Matvei"]
[Black "Babich, Daniil"]
[Result "1-0"]
[WhiteElo "1715"]
[BlackElo "1800"]
[PlyCount "55"]
[EventDate "2023.11.03"]
[EventType "swiss"]
[EventRounds "9"]
[EventCountry "BLR"]
[SourceTitle "CB46_2023"]
[SourceDate "2023.11.15"]
[SourceVersion "1"]
[SourceVersionDate "2023.11.15"]
[SourceQuality "1"]

1. c4 e5 2. Nc3 Nc6 3. d3 Bc5 4. e4 d6 5. g3 Nf6 6. h3 Be6 7. Bg2 Qd7 8. Nd5 Nd4 9. Nxf6+ gxf6 10. Be3 b5 11. b3 bxc4 12. dxc4 Qc6 13. Ne2 Nxe2 14. Qxe2 Bxe3 15. Qxe3 Qb6 16. Qh6 Qb4+ 17. Ke2 Ke7 18. Rac1 Rag8 19. Qe3 Qa5 20. Rc2 Rd8 21. Rhc1 Rhg8 22. Kf1 f5 23. c5 Qa6+ 24. Kg1 fxe4 25. cxd6+ cxd6 26. Qxe4 f5 27. Qh4+ Ke8 28. Rc7 1-0

[Event "St Petersburg Korchnoi Memorial op"]
[Site "St Petersburg"]
[Date "2023.08.24"]
[Round "9"]
[White "Otdelnov, Viktor"]
[Black "Savelev, Matvei"]
[Result "1-0"]
[WhiteElo "1970"]
[BlackElo "1612"]
[PlyCount "103"]
[EventDate "2023.08.18"]
[EventType "swiss"]
[EventRounds "9"]
[EventCountry "RUS"]
[SourceTitle "EXT 2024"]
[Source "ChessBase"]
[SourceDate "2023.10.10"]
[SourceVersion "1"]
[SourceVersionDate "2023.10.10"]
[SourceQuality "1"]

1. d4 d5 2. c4 e6 3. Nf3 c6 4. Qc2 Nd7 5. Bf4 Ngf6 6. e3 Ne4 7. Nbd2 f5 8. h3 Ndf6 9. Rd1 Nxd2 10. Nxd2 Be7 11. Be2 0-0 12. 0-0 Bd7 13. Nf3 Ne4 14. Ne5 Be8 15. Nd3 Bd6 16. b4 g5 17. Bxd6 Qxd6 18. Nc5 Bg6 19. cxd5 cxd5 20. Nxe4 fxe4 21. Qc5 Qd7 22. Bb5 Qf7 23. Rc1 Qf5 24. Qd6 b6 25. Bd7 Bf7 26. Rc7 Qf6 27. f3 Qg6 28. fxe4 Qxe4 29. Rxf7 Rxf7 30. Bxe6 Qxe3+ 31. Kh1 Raf8 32. Qxd5 Kg7 33. Bxf7 Qf4 34. Rc3 Qf1+ 35. Kh2 Qf4+ 36. Rg3 Rxf7 37. Qxg5+ Qxg5 38. Rxg5+ Kf6 39. Rd5 Ke6 40. Rh5 Kf6 41. Kg3 Rd7 42. Rh4 Kg5 43. Re4 Rc7 44. Re3 Rc4 45. Ra3 h5 46. h4+ Kf5 47. Rxa7 Rxd4 48. Rg7 Rd3+ 49. Kh2 Rd4 50. Rg5+ Kf4 51. Rb5 Kg4 52. Rxb6 1-0

[Event "St Petersburg Korchnoi Memorial op"]
[Site "St Petersburg"]
[Date "2023.08.22"]
[Round "7"]
[White "Mineev, Sergey I"]
[Black "Savelev, Matvei"]
[Result "1/2-1/2"]
[WhiteElo "1876"]
[BlackElo "1612"]
[PlyCount "29"]
[EventDate "2023.08.18"]
[EventType "swiss"]
[EventRounds "9"]
[EventCountry "RUS"]
[SourceTitle "EXT 2024"]
[Source "ChessBase"]
[SourceDate "2023.10.10"]
[SourceVersion "1"]
[SourceVersionDate "2023.10.10"]
[SourceQuality "1"]

1. d4 d5 2. c4 e6 3. Nc3 c6 4. Nf3 Nd7 5. e4 dxe4 6. Nxe4 Ngf6 7. g3 Qb6 8. Bg2 Qb4+ 9. Ned2 c5 10. dxc5 Bxc5 11. 0-0 0-0 12. Qc2 e5 13. a3 Qb6 14. b4 Bd4 15. Bb2 1/2-1/2

[Event "BLR-ch 1st League"]
[Site "Minsk"]
[Date "2021.12.16"]
[Round "8"]
[White "Savelev, Matvei"]
[Black "Kramich, Alyaksej"]
[Result "0-1"]
[WhiteElo "1321"]
[BlackElo "2031"]
[PlyCount "70"]
[EventDate "2021.12.09"]
[EventType "swiss"]
[EventRounds "9"]
[EventCountry "BLR"]
[SourceTitle "EXT 2023"]
[Source "ChessBase"]
[SourceDate "2022.10.05"]
[SourceVersion "1"]
[SourceVersionDate "2022.10.05"]
[SourceQuality "1"]

1. Nf3 Nf6 2. g3 b6 3. Bg2 Bb7 4. d4 e6 5. 0-0 Be7 6. c4 0-0 7. Nc3 Ne4 8. Bf4 Nxc3 9. bxc3 d6 10. Qc2 f5 11. Rad1 Bf6 12. Qb3 Qe7 13. c5 Na6 14. cxd6 cxd6 15. Bc1 Rac8 16. Ne1 Rfe8 17. Ba3 Bxg2 18. Nxg2 Qc7 19. Rc1 d5 20. Rfe1 Nb8 21. Qb5 Nc6 22. f3 Na5 23. e4 Nc4 24. Qa6 Nd2 25. Qe2 Nc4 26. Bb2 fxe4 27. fxe4 dxe4 28. Ba1 Bg5 29. Rcd1 e3 30. Qh5 Bh6 31. g4 Bf4 32. Re2 g6 33. Qh3 Rf8 34. Rf1 Bxh2+ 35. Qxh2 Rxf1+ 0-1